000 00312nam a22001457a 4500
008 210310b ||||| |||| 00| 0 eng d
020 _a0879092661
041 _aeng
080 _a612.39
082 _a612.39
100 _a10
101 _aNUT
245 _aFeeds and Feeding
_cCullison,E.A
942 _2udc
_cBK
999 _c56265
_d56265